Statistics for Organic Food - Top Ten Countries

Click here to take the quiz!

General Stats

  • This quiz has been taken 57 times
  • The average score is 9 of 10

Answer Stats

Million EurosCountry% Correct
27,062United States
100%
2,523Canada
98%
7,910Germany
98%
4,830France
96%
2,145Italy
93%
2,307United Kingdom
93%
3,701China
84%
1,402Sweden
80%
1,817Switzerland
67%
1,065Austria
62%

Score Distribution

Percentile by Number Answered

Percent of People with Each Score

Your Score History

You have not taken this quiz